Be cool (Record no. 27607)

MARC details
000 -LEADER
fixed length control field 00502nam a2200181Ia 4500
020 ## - INTERNATIONAL STANDARD BOOK NUMBER
ISBN 9780060082154
050 ## - CALL MARK
Classification number PS 3562.E55 .L46/
100 ## - STATEMENT OF RESPONSIBILITY--MAIN AUTHOR NAME
Personal name Leonard, Elmore
245 #0 - TITLE STATEMENT
Title Be cool
260 ## - PUBLICATION, DISTRIBUTION, ETC. (IMPRINT)
Place of publication New York
260 ## - PUBLICATION, DISTRIBUTION, ETC. (IMPRINT)
Name of publisher Delacorte Press
260 ## - PUBLICATION, DISTRIBUTION, ETC. (IMPRINT)
Year of publication 2005
300 ## - PHYSICAL DESCRIPTION
Number of Pages 371 p
650 ## - SUBJECT ADDED ENTRY--TOPICAL TERM
Topical Term Motion picture producers and directors--Fiction. Music trade--Fiction. Brooklyn (New York, N.Y.)--Fiction.
942 ## - ADDED ENTRY ELEMENTS (KOHA)
Koha item type Books
Holdings
Withdrawn status Lost status Source of classification or shelving scheme Damaged status Not for loan Permanent Location Current Location Date acquired Accession Number Price effective from Koha item type
    Library of Congress Classification     NILE UNIVERSITY OF NIGERIA - MAIN LIBRARY NILE UNIVERSITY OF NIGERIA - MAIN LIBRARY 04/23/2025 0191161 04/23/2025 Books